000 00505nam a22001817a 4500
003 OSt
005 20140310181746.0
008 130622t xxu||||| |||| 00| 0 eng d
020 _a1904534562
050 _aBF 121
_b.H529 2005
082 _aIB 150
_bH34 2005
100 _aHepper, Sue.
245 _aIB Psychology Paper 1 :
_bHigher & Standard Level /
_cSue Hepper
260 _aUnited Kingdom :
_bOxford Study Courses limited,
_cc2005.
300 _a78 p. :
_c28 cm.
942 _2lcc
_cBK
999 _c2999
_d2999